000
00274nam a22001217a 4500
020
_a
8183562981
082
_a
070
100
_a
Ajay Dash
245
_a
Basic concept of journalism
260
_a
New Delhi
_b
Discovery publishing house
_c
2007
300
_a
295p
942
_c
BK
999
_c
2744
_d
2744